|
|
|
|
| LEADER |
00000nkm a2200000 a 4500 |
| 001 |
vtls011628529 |
| 003 |
SK-MaSNL |
| 005 |
20260426003131.0 |
| 007 |
kf bo |
| 008 |
240409s1997 xo g kuslo |
| 035 |
|
|
|a urn:nbn:sk:snk-km00cqfj
|
| 035 |
|
|
|a urn:nbn:sk:snk-km3lrj7
|
| 035 |
|
|
|a DCAF7816-7A9C-4EEE-85D1-0773D7EA2E82
|
| 040 |
|
|
|a SNK
|b slo
|c SNK
|e AACR2
|
| 041 |
0 |
|
|a slo
|
| 043 |
|
|
|a e-xo---
|
| 044 |
|
|
|a xo
|c SK
|
| 072 |
|
7 |
|a 394
|x Verejný a spoločenský život. Každodenný život
|2 konspekt
|
| 072 |
|
7 |
|a 929
|x Biografie
|2 konspekt
|
| 080 |
|
|
|a 394.46
|2 2011
|
| 080 |
|
|
|a (084.5)
|2 2011
|
| 080 |
|
|
|a 929
|2 2011
|
| 245 |
0 |
0 |
|a 20 rokov Klubu mladých čitateľov - propagačný plagát
|
| 246 |
3 |
|
|a Dvadsať rokov Klubu mladých čitateľov - propagačný plagát
|
| 260 |
|
|
|a Bratislava
|c 1987
|
| 300 |
|
|
|a 1 plagát
|b farebný
|c 49 x 34 cm
|
| 648 |
|
7 |
|a 1896-1996
|2 SNKPH
|9 286313
|
| 650 |
0 |
7 |
|a literatúra
|2 SNKPH
|9 1427
|
| 651 |
|
7 |
|a Slovensko
|2 SNKPH
|9 14231
|
| 655 |
|
7 |
|a plagáty
|2 SNKPH
|9 70571
|
| 852 |
|
|
|a Slovenská národná knižnica v Martine
|
| 958 |
|
|
|a CP
|
| 999 |
|
|
|c 936615
|d 938545
|
| 952 |
|
|
|a SNKLM
|b SNKLM
|c SNKLM_ST
|y NEVYP
|7 1
|p 17A1261797
|o snklm L 1373
|i 75/87
|8 7
|0 0
|1 0
|4 0
|d 2017-05-11
|f 1
|l 0
|r 2026-02-24 09:06:05
|w 2026-02-24
|